| 000 | 00347nam a22001457a 4500 | ||
|---|---|---|---|
| 008 | 221110b ||||| |||| 00| 0 eng d | ||
| 020 | _a2900323083224 | ||
| 041 | _aeng | ||
| 080 |
_2FOURTH EDITION _a616.073 |
||
| 082 | _a616.073 FAU | ||
| 100 | _a12 | ||
| 101 | _aRADIO | ||
| 245 |
_aRADIOGRAPHIC IMAGING&EXPOSURE _cFAUBER T |
||
| 942 |
_2udc _cBK |
||
| 999 |
_c58840 _d58840 |
||